[Event "BRA-ch Amateurs U2300"]
[Site "Sao Paulo"]
[Date "2024.06.01"]
[Round "6"]
[White "Ikejiri, Daniel Yoshito"]
[Black "Cordeiro, Marco Aurelio Zaror"]
[Result "1/2-1/2"]
[WhiteElo "1956"]
[BlackElo "2085"]
[PlyCount "82"]
[EventDate "2024.05.30"]
[EventType "swiss"]
[EventRounds "7"]
[EventCountry "BRA"]
[SourceTitle "CB23_2024"]
[SourceDate "2024.06.05"]
[SourceVersion "1"]
[SourceVersionDate "2024.06.05"]
[SourceQuality "1"]

1. e4 c5 2. Nf3 Nc6 3. d4 cxd4 4. Nxd4 Nf6 5. Nc3 e5 6. Ndb5 d6 7. Bg5 a6 8. Na3 b5 9. Nd5 Be7 10. Bxf6 Bxf6 11. c3 0-0 12. Bd3 Bg5 13. Nc2 Be6 14. Nce3 Ne7 15. 0-0 Bxe3 16. Nxe3 d5 17. exd5 Nxd5 18. Nxd5 Qxd5 19. Bc2 Qc5 20. Bb3 Rad8 21. Qe2 Bxb3 22. axb3 Rd6 23. b4 Qd5 24. Rfd1 Qe6 25. Rxd6 Qxd6 26. Rd1 Qe6 27. h3 f5 28. Qd3 h6 29. Qd5 Rf6 30. Qxe6+ Rxe6 31. Rd7 g5 32. Kf1 Kf8 33. Ke2 Ke8 34. Rh7 e4 35. Ra7 f4 36. Rh7 Kd8 37. Ra7 Kc8 38. Rh7 Kb8 39. Rg7 e3 40. fxe3 Rxe3+ 41. Kf2 Re6 1/2-1/2

[Event "Catarinense-ch"]
[Site "Itajai"]
[Date "2023.11.24"]
[Round "1"]
[White "Centeno, Daniel de Medeiros"]
[Black "Cordeiro, Marco Aurelio Zaror"]
[Result "1-0"]
[WhiteElo "1324"]
[BlackElo "2091"]
[PlyCount "90"]
[EventDate "2023.11.24"]
[EventType "swiss"]
[EventRounds "6"]
[EventCountry "BRA"]
[SourceTitle "CB50_2023"]
[SourceDate "2023.12.13"]
[SourceVersion "1"]
[SourceVersionDate "2023.12.13"]
[SourceQuality "1"]

1. d4 Nf6 2. Bg5 Ne4 3. Bf4 c5 4. d5 d6 5. f3 Nf6 6. e4 g6 7. Nc3 Bg7 8. Qd2 0-0 9. 0-0-0 Re8 10. g4 a6 11. h4 b5 12. h5 Nbd7 13. hxg6 fxg6 14. Nh3 Nf8 15. e5 dxe5 16. Bxe5 Bb7 17. Bxf6 exf6 18. Bg2 Qa5 19. Kb1 Rad8 20. f4 b4 21. Ne2 Qb5 22. Bf3 Bc8 23. Nf2 f5 24. g5 Rd7 25. Nd3 Bb7 26. Ne5 Bxe5 27. fxe5 Rxe5 28. Nf4 Rd6 29. Qg2 Re7 30. b3 c4 31. Be2 Rxe2 32. Qxe2 cxb3 33. Qxb5 bxa2+ 34. Kxa2 axb5 35. Kb3 Nd7 36. Kxb4 Ne5 37. Rh3 Nf7 38. Rg3 Ra6 39. Kxb5 Nd6+ 40. Kb4 Ne4 41. Rgg1 Rb6+ 42. Kc4 Ba6+ 43. Kd4 Rb4+ 44. Ke3 Nf2 45. Rde1 Ng4+ 1-0

[Event "Catarinense-ch U20"]
[Site "Rio Negrinho"]
[Date "2023.03.25"]
[Round "3"]
[White "Umetsubo, Cesar Hidemitsu"]
[Black "Cordeiro, Marco Aurelio Zaror"]
[Result "1-0"]
[WhiteElo "2342"]
[BlackElo "2074"]
[PlyCount "73"]
[EventDate "2023.03.24"]
[EventType "swiss"]
[EventRounds "6"]
[EventCountry "BRA"]
[SourceTitle "CBM 213 Extra"]
[Source "ChessBase"]
[SourceDate "2023.05.31"]
[SourceVersion "1"]
[SourceVersionDate "2023.05.31"]
[SourceQuality "1"]

1. d4 Nf6 2. c4 e6 3. Nc3 Bb4 4. Qc2 0-0 5. a3 Bxc3+ 6. Qxc3 d5 7. e3 e5 8. dxe5 Ne4 9. Qc2 Nc6 10. Nf3 Bf5 11. Bd3 Re8 12. 0-0 Bg6 13. b4 Nxe5 14. Nxe5 Rxe5 15. Bb2 Re7 16. f3 Nf6 17. Bxf6 gxf6 18. cxd5 Rxe3 19. Rfd1 Qd6 20. Rac1 Re7 21. Qc5 Qxc5+ 22. bxc5 Rd8 23. Bc4 Red7 24. Bb3 c6 25. dxc6 bxc6 26. Rxd7 Rxd7 27. Ba4 Rc7 28. Rd1 Kf8 29. Rd6 Ke7 30. Bxc6 Bf5 31. Kf2 Rc8 32. Ke3 Rb8 33. Bd5 Bc8 34. Rc6 Kd8 35. Rxf6 Rb2 36. f4 Rc2 37. Kd4 1-0

[Event "Florianopolis Spring op 2nd"]
[Site "Florianopolis"]
[Date "2022.10.22"]
[Round "2"]
[White "Venter, Paulo Regis"]
[Black "Cordeiro, Marco Aurelio Zaror"]
[Result "0-1"]
[WhiteElo "1572"]
[BlackElo "2118"]
[PlyCount "42"]
[EventDate "2022.10.21"]
[EventType "swiss"]
[EventRounds "6"]
[EventCountry "BRA"]
[SourceTitle "EXT 2024"]
[Source "ChessBase"]
[SourceDate "2023.10.10"]
[SourceVersion "1"]
[SourceVersionDate "2023.10.10"]
[SourceQuality "1"]

1. d4 Nf6 2. c4 g6 3. g3 d5 4. Nf3 c6 5. Nbd2 Bg7 6. Bg2 0-0 7. 0-0 e6 8. b3 b6 9. Bb2 Bb7 10. Qc2 Nbd7 11. Rfe1 c5 12. e3 Rc8 13. Rac1 cxd4 14. exd4 dxc4 15. bxc4 Qc7 16. Qb3 Rfd8 17. Ba1 Nb8 18. h3 Nc6 19. d5 Na5 20. Qa4 exd5 21. cxd5 Qxc1 0-1

[Event "Florianopolis Winter op 6th"]
[Site "Florianopolis"]
[Date "2022.07.15"]
[Round "6"]
[White "Cordeiro, Marco Aurelio Zaror"]
[Black "Luz, Arthur Nader"]
[Result "0-1"]
[WhiteElo "2125"]
[BlackElo "2201"]
[PlyCount "74"]
[EventDate "2022.07.13"]
[EventType "swiss"]
[EventRounds "9"]
[EventCountry "BRA"]
[SourceTitle "CBM 209 Extra"]
[Source "ChessBase"]
[SourceDate "2022.09.30"]
[SourceVersion "1"]
[SourceVersionDate "2022.09.30"]
[SourceQuality "1"]

1. e4 c5 2. Nf3 d6 3. c3 Nf6 4. h3 Nc6 5. Bd3 g6 6. 0-0 Bg7 7. Bc2 0-0 8. d4 Nd7 9. Be3 b5 10. Re1 Bb7 11. Nbd2 cxd4 12. cxd4 Rc8 13. Rc1 Nb6 14. Bb1 e5 15. dxe5 Nxe5 16. Nxe5 Bxe5 17. b3 Bc3 18. Re2 Re8 19. Nf3 Bg7 20. Rxc8 Qxc8 21. Bxb6 axb6 22. Qxd6 Rd8 23. Qf4 Rd1+ 24. Re1 Rxe1+ 25. Nxe1 Qc3 26. Nf3 Qa1 27. Qb8+ Bf8 28. Qxb7 Qxb1+ 29. Kh2 Qxa2 30. Qxb6 Qxb3 31. Nd4 Qc4 32. Nxb5 Qxe4 33. g3 Qf5 34. Kg2 Qd5+ 35. Kh2 Bc5 36. Qb8+ Kg7 37. Kg1 Qf5 0-1

[Event "Florianopolis Winter op 6th"]
[Site "Florianopolis"]
[Date "2022.07.14"]
[Round "3"]
[White "Filgueiras, Nathan Felipe"]
[Black "Cordeiro, Marco Aurelio Zaror"]
[Result "1/2-1/2"]
[WhiteElo "2355"]
[BlackElo "2125"]
[PlyCount "104"]
[EventDate "2022.07.13"]
[EventType "swiss"]
[EventRounds "9"]
[EventCountry "BRA"]
[SourceTitle "CBM 209 Extra"]
[Source "ChessBase"]
[SourceDate "2022.09.30"]
[SourceVersion "1"]
[SourceVersionDate "2022.09.30"]
[SourceQuality "1"]

1. e4 Nf6 2. e5 Nd5 3. d4 d6 4. c4 Nb6 5. exd6 cxd6 6. Nc3 g6 7. Be3 Bg7 8. Rc1 0-0 9. b3 e5 10. dxe5 dxe5 11. Qxd8 Rxd8 12. c5 N6d7 13. Bc4 Nc6 14. Nf3 Nf8 15. Bg5 Rd7 16. 0-0 h6 17. Be3 Rd8 18. Nb5 Be6 19. Nd6 Bxc4 20. Rxc4 Rab8 21. Ra1 Ne6 22. Rcc1 f5 23. g3 e4 24. Ne1 Ncd4 25. Kf1 b6 26. b4 bxc5 27. bxc5 Rb2 28. Rc4 Nc6 29. Ra4 a5 30. Rc1 Rdb8 31. h4 R8b4 32. Rxb4 axb4 33. Rc2 Rb1 34. Nb5 g5 35. hxg5 hxg5 36. Rc1 Rxc1 37. Bxc1 Bf8 38. Nd6 Ncd4 39. Nb7 Kf7 40. Bd2 b3 41. axb3 Nxb3 42. Bb4 Nbxc5 43. Nxc5 Nxc5 44. Bxc5 Bxc5 45. f3 exf3 46. Nxf3 Kf6 47. g4 fxg4 48. Ne1 Kf5 49. Nd3 Bd6 50. Kg2 g3 51. Nc1 Bf4 52. Ne2 Kg4 1/2-1/2

[Event "Florianopolis Winter op 6th"]
[Site "Florianopolis"]
[Date "2022.07.14"]
[Round "4"]
[White "Lima, Darcy Gustavo Macha"]
[Black "Cordeiro, Marco Aurelio Zaror"]
[Result "1/2-1/2"]
[WhiteElo "2445"]
[BlackElo "2125"]
[PlyCount "139"]
[EventDate "2022.07.13"]
[EventType "swiss"]
[EventRounds "9"]
[EventCountry "BRA"]
[SourceTitle "CBM 209 Extra"]
[Source "ChessBase"]
[SourceDate "2022.09.30"]
[SourceVersion "1"]
[SourceVersionDate "2022.09.30"]
[SourceQuality "1"]

1. g3 g6 2. Bg2 Bg7 3. e4 d6 4. d4 Nf6 5. Nc3 0-0 6. Nge2 e5 7. h3 Nc6 8. Be3 exd4 9. Nxd4 Bd7 10. 0-0 Re8 11. Re1 Nxd4 12. Bxd4 Bc6 13. Qd2 Qd7 14. Nd5 Bxd5 15. exd5 Rxe1+ 16. Rxe1 Re8 17. Be3 a6 18. Qb4 Qb5 19. Qxb5 axb5 20. Bd2 Kf8 21. Rxe8+ Kxe8 22. Kf1 Kd7 23. b3 c6 24. dxc6+ bxc6 25. c4 bxc4 26. bxc4 d5 27. cxd5 cxd5 28. Bc3 Kc6 29. Ke2 Ne8 30. Bd2 Nd6 31. Kd3 Nc4 32. Bb4 Be5 33. f4 Bc7 34. Bc3 h5 35. Bf3 f5 36. Bd1 Kd6 37. Ba4 Ke6 38. h4 Nd6 39. Be1 Bb6 40. Bc6 Ne4 41. a4 Ba7 42. a5 Nf6 43. a6 Kd6 44. Ba4 Ne4 45. Be8 Nc5+ 46. Ke2 Nxa6 47. Bxg6 Ke6 48. Bxh5 Nc7 49. g4 fxg4 50. Bxg4+ Kf6 51. h5 Ne6 52. Bh4+ Kf7 53. f5 Nd4+ 54. Kd1 Nxf5 55. Bxf5 Bd4 56. h6 Be3 57. h7 Bd4 58. Ke2 Kg7 59. Bd3 Be5 60. Kf3 Bc3 61. Kg4 Bb2 62. Bf2 Kh8 63. Kg5 Bc3 64. Kg6 Be5 65. Kf5 Bc3 66. Ke6 Bb2 67. Kxd5 Bc3 68. Ke6 Bb2 69. Bh4 Bc3 70. Bf6+ 1/2-1/2

[Event "Pan American-ch Seniors 50"]
[Site "Florianopolis"]
[Date "2022.06.26"]
[Round "9"]
[White "Gauche, Charles"]
[Black "Cordeiro, Marco Aurelio Zaror"]
[Result "1-0"]
[WhiteElo "2147"]
[BlackElo "2076"]
[PlyCount "119"]
[EventDate "2022.06.21"]
[EventType "swiss"]
[EventRounds "9"]
[EventCountry "BRA"]
[SourceTitle "CBM 209 Extra"]
[Source "ChessBase"]
[SourceDate "2022.09.30"]
[SourceVersion "1"]
[SourceVersionDate "2022.09.30"]
[SourceQuality "1"]

1. d4 Nf6 2. c4 e6 3. Nc3 Bb4 4. Qc2 d5 5. a3 Bxc3+ 6. Qxc3 Ne4 7. Qc2 c6 8. Nf3 Nd7 9. g3 0-0 10. Bg2 f5 11. h4 Ndf6 12. Ne5 Bd7 13. Bf4 Be8 14. f3 Nd6 15. c5 Nf7 16. Qd2 Nd7 17. Nd3 Nf6 18. 0-0-0 Bd7 19. h5 b6 20. Kb1 bxc5 21. Nxc5 Qe7 22. Qc3 Rfe8 23. Nd3 Rec8 24. Rc1 Be8 25. Qb4 Qxb4 26. Nxb4 c5 27. dxc5 e5 28. Bd2 Bb5 29. g4 a5 30. Nd3 f4 31. g5 Bxd3+ 32. exd3 Nxg5 33. d4 exd4 34. Bxf4 Ne6 35. Bd6 Rc6 36. Bf1 d3 37. Bxd3 Nd4 38. Rh4 Nxf3 39. Rf4 Nd2+ 40. Kc2 Nde4 41. Bxe4 Nxe4 42. Rxe4 dxe4 43. b4 axb4 44. axb4 Kf7 45. Bf4 Ke6 46. Kc3 Kf5 47. Bd2 Ra3+ 48. Kc4 e3 49. Be1 Ke4 50. b5 Rc8 51. b6 Rd3 52. b7 Rcd8 53. Bc3 R3d7 54. c6 Rf7 55. Ba5 Rd4+ 56. Kc5 Rd5+ 57. Kb6 Rd8 58. c7 Rd6+ 59. Ka7 Rff6 60. c8Q 1-0

[Event "Pan American-ch Seniors 50"]
[Site "Florianopolis"]
[Date "2022.06.23"]
[Round "4"]
[White "Cordeiro, Marco Aurelio Zaror"]
[Black "Lima, Darcy Gustavo Macha"]
[Result "1/2-1/2"]
[WhiteElo "2076"]
[BlackElo "2464"]
[PlyCount "57"]
[EventDate "2022.06.21"]
[EventType "swiss"]
[EventRounds "9"]
[EventCountry "BRA"]
[SourceTitle "CBM 209 Extra"]
[Source "ChessBase"]
[SourceDate "2022.09.30"]
[SourceVersion "1"]
[SourceVersionDate "2022.09.30"]
[SourceQuality "1"]

1. Nf3 c5 2. c4 g6 3. g3 Nc6 4. Bg2 Bg7 5. 0-0 d6 6. Nc3 Qd7 7. d3 b6 8. e4 Bb7 9. Re1 e6 10. Be3 Nd4 11. Qd2 Ne7 12. Ne2 e5 13. Nexd4 cxd4 14. Bh6 0-0 15. Bxg7 Kxg7 16. Nh4 f5 17. exf5 Nxf5 18. Nxf5+ Rxf5 19. Bxb7 Qxb7 20. f4 g5 21. fxe5 dxe5 22. Rf1 Raf8 23. Rxf5 Rxf5 24. b4 h6 25. Rc1 Rf6 26. c5 bxc5 27. Rxc5 Qf3 28. Qe1 Qxd3 29. Rxe5 1/2-1/2

[Event "Pan American-ch Seniors 50"]
[Site "Florianopolis"]
[Date "2022.06.22"]
[Round "3"]
[White "Urquiza, Marcello de Albuque"]
[Black "Cordeiro, Marco Aurelio Zaror"]
[Result "0-1"]
[WhiteElo "2028"]
[BlackElo "2076"]
[PlyCount "66"]
[EventDate "2022.06.21"]
[EventType "swiss"]
[EventRounds "9"]
[EventCountry "BRA"]
[SourceTitle "CBM 209 Extra"]
[Source "ChessBase"]
[SourceDate "2022.09.30"]
[SourceVersion "1"]
[SourceVersionDate "2022.09.30"]
[SourceQuality "1"]

1. e4 Nf6 2. e5 Nd5 3. d4 d6 4. Nf3 Bg4 5. Be2 dxe5 6. Nxe5 Bxe2 7. Qxe2 Nd7 8. Nxf7 Kxf7 9. Qh5+ Ke6 10. 0-0 N7f6 11. Re1+ Kd7 12. Qf5+ Ke8 13. c4 Nb6 14. d5 Nxc4 15. Nc3 Nd6 16. Qh3 Qd7 17. Re6 Nf7 18. Qf5 c6 19. dxc6 bxc6 20. Bf4 Rd8 21. Rae1 Qd3 22. Qc5 Rd7 23. Rxc6 Nd8 24. Rc8 Kf7 25. h4 e5 26. Qxe5 Bd6 27. Qe3 Bxf4 28. Qxf4 Ne6 29. Qb8 Rxc8 30. Qxc8 Re7 31. Rd1 Qc2 32. Qb8 Ne4 33. Rd5 Qxf2+ 0-1

[Event "Chapeco op"]
[Site "Chapeco"]
[Date "2022.02.13"]
[Round "5"]
[White "Eberhard, Gustavo Henrique"]
[Black "Cordeiro, Marco Aurelio Zaror"]
[Result "0-1"]
[WhiteElo "1307"]
[BlackElo "2165"]
[PlyCount "66"]
[EventDate "2022.02.11"]
[EventType "swiss"]
[EventRounds "6"]
[EventCountry "BRA"]
[SourceTitle "CBM 207 Extra"]
[Source "ChessBase"]
[SourceDate "2022.05.31"]
[SourceVersion "1"]
[SourceVersionDate "2022.05.31"]
[SourceQuality "1"]

1. d4 Nf6 2. Nc3 e6 3. e4 d5 4. e5 Nfd7 5. Bd3 c5 6. dxc5 Nxe5 7. Bf4 Nxd3+ 8. Qxd3 Nc6 9. Nf3 Bxc5 10. Ne5 0-0 11. h4 f6 12. Ng4 e5 13. Nh6+ gxh6 14. Bxh6 Rf7 15. Qg3+ Kh8 16. 0-0-0 Be6 17. Nxd5 Bxd5 18. c4 Nd4 19. Rxd4 Bxd4 20. cxd5 Qxd5 21. Kb1 Rg8 22. Qd3 Qxg2 23. Qd1 Qg6+ 24. Ka1 Qxh6 25. Qf3 Rc8 26. a3 Rc1+ 27. Ka2 Rxh1 28. Qxh1 Qd2 29. Qb1 Rc7 30. Kb3 Rc1 31. Qf5 Qxb2+ 32. Ka4 Rc4+ 33. Ka5 Bb6# 0-1

[Event "Chapeco op"]
[Site "Chapeco"]
[Date "2022.02.12"]
[Round "4"]
[White "Cordeiro, Marco Aurelio Zaror"]
[Black "Zottis, Pietro"]
[Result "1-0"]
[WhiteElo "2165"]
[BlackElo "1214"]
[PlyCount "99"]
[EventDate "2022.02.11"]
[EventType "swiss"]
[EventRounds "6"]
[EventCountry "BRA"]
[SourceTitle "CBM 207 Extra"]
[Source "ChessBase"]
[SourceDate "2022.05.31"]
[SourceVersion "1"]
[SourceVersionDate "2022.05.31"]
[SourceQuality "1"]

1. e4 e6 2. d4 d5 3. Nd2 Nf6 4. e5 Nfd7 5. Bd3 c5 6. c3 Nc6 7. Ngf3 f6 8. Ng5 Ndxe5 9. dxe5 Nxe5 10. Bb5+ Bd7 11. Bxd7+ Qxd7 12. Qe2 c4 13. 0-0 Bd6 14. f4 fxg5 15. fxe5 Bc5+ 16. Kh1 0-0-0 17. Nf3 g4 18. Ng5 Rhf8 19. Nxh7 Rxf1+ 20. Qxf1 g5 21. Nf6 Rf8 22. Bxg5 Qg7 23. Qf4 g3 24. Qxg3 Rh8 25. Qg4 Kc7 26. Ne8+ Rxe8 27. Bd8+ Rxd8 28. Qxg7+ Rd7 29. Qf6 Re7 30. b4 cxb3 31. axb3 Kd7 32. b4 Bb6 33. c4 Bd8 34. cxd5 exd5 35. Qd6+ Ke8 36. Rxa7 d4 37. Ra8 Rd7 38. Qe6+ Re7 39. Qg8+ Kd7 40. Qxd8+ Ke6 41. Qd6+ Kf5 42. Qxe7 d3 43. Rf8+ Ke4 44. Qh7+ Ke3 45. Rf3+ Kd4 46. Qxd3+ Kxe5 47. Rf5+ Ke6 48. Qd5+ Ke7 49. Rf7+ Ke8 50. Qd7# 1-0